Loading...
| Science - Other | 0 | 2 | 0 | 0 | 20 | 109 | 120.50 | 0 | 0 | 0.24 | 6.67 |
| History - European | 0 | 1 | 0 | 0 | 10 | 92 | 92.00 | 0 | 0 | 1.86 | 2.22 |
| Science - Biology | 0 | 1 | 0 | 0 | 10 | 94 | 94.00 | 0 | 0 | 0.96 | 4.44 |
| Literature - World | 0 | 1 | 0 | 0 | 10 | 109 | 109.00 | 0 | 0 | 0.18 | 3.33 |
| Science - Physics | 0 | 1 | 1 | 0 | 5 | 101 | 101.00 | 0 | 0 | 0.73 | 5.56 |
| Fine Arts - Painting and Sculpture | 0 | 1 | 1 | 0 | 5 | 117 | 117.00 | 0 | 1 | 0.08 | 5.56 |
| Mythology | 0 | 1 | 1 | 0 | 5 | 59 | 59.00 | 0 | 0 | 4.64 | 3.33 |
| Fine Arts - Other | 0 | 0 | 0 | 0 | 0 | 0.00 | 0 | 0 | 0.00 | 0.00 | |
| Science - Chemistry | 0 | 0 | 1 | 0 | -5 | 0.00 | 0 | 0 | 0.00 | 0.00 |